Conceptos básicos de metodologías de investigación clínica y epidemiológica.
Spremljeno u:
| Glavni autor: | |
|---|---|
| Format: | Nepoznato |
| Izdano: |
Santiago, Chile:
Ediciones Universidad Católica de Chile,
2020.
|
| Serija: | Textos Universitarios. Facultad de Medicina.
|
| Teme: | |
| Oznake: |
Dodaj oznaku
Bez oznaka, Budi prvi tko označuje ovaj zapis!
|
MARC
| LEADER | 00000 a2200000 4500 | ||
|---|---|---|---|
| 003 | CL-VaPUC | ||
| 005 | 20221216091457.0 | ||
| 008 | 221201t2020 ||||| |||| 00| 0 eng d | ||
| 999 | |c 439224 |d 439222 | ||
| 020 | |a 9789561425033 | ||
| 040 | |c Pontificia Universidad Católica de Valparaíso | ||
| 082 | 7 | |a 610.724 CER 2019 |2 22 | |
| 100 | |a Cerda Lorca, Jaime |9 877947 |e autor | ||
| 245 | |a Conceptos básicos de metodologías de investigación clínica y epidemiológica. | ||
| 260 | |a Santiago, Chile: |b Ediciones Universidad Católica de Chile, |c 2020. | ||
| 300 | |a 158 páginas. | ||
| 490 | |a Textos Universitarios. Facultad de Medicina. | ||
| 583 | |k GC. |c 20221201 | ||
| 650 | |a Investigación biomédica |9 879022 | ||
| 650 | |2 Epidemiología |x Investigaciones |x Metodología |9 879023 | ||
| 942 | |2 ddc |c BK | ||
| 952 | |0 0 |1 0 |2 ddc |4 0 |6 610_724000000000000_CER_2019 |7 0 |8 A |9 588066 |a BIBCUR |b BIBCUR |c GEN |d 2022-12-01 |e 3 |g 16063.20 |i 5655894 |o 610.724 CER 2019 |p 5655894 |r 2025-04-22 |t 4 |v 16063.20 |w 2022-12-01 |y BK |k TEM | ||
| 952 | |0 0 |1 0 |2 ddc |4 0 |6 610_724000000000000_CER_2019 |7 0 |8 A |9 588067 |a BIBCUR |b BIBCUR |c GEN |d 2022-12-01 |e 3 |g 16063.20 |i 5655891 |o 610.724 CER 2019 |p 5655891 |r 2025-04-22 |t 1 |v 16063.20 |w 2022-12-01 |y BK |k TEM | ||
| 952 | |0 0 |1 0 |2 ddc |4 0 |6 610_724000000000000_CER_2019 |7 0 |8 A |9 588068 |a BIBCUR |b BIBCUR |c GEN |d 2022-12-01 |e 3 |g 16063.20 |i 5655895 |o 610.724 CER 2019 |p 5655895 |r 2025-04-22 |t 5 |v 16063.20 |w 2022-12-01 |y BK |k TEM | ||
| 952 | |0 0 |1 0 |2 ddc |4 0 |6 610_724000000000000_CER_2019 |7 0 |8 A |9 588069 |a BIBCUR |b BIBCUR |c GEN |d 2022-12-01 |e 3 |g 16063.20 |i 5655893 |l 1 |o 610.724 CER 2019 |p 5655893 |r 2025-04-22 |s 2023-09-20 |t 3 |v 16063.20 |w 2022-12-01 |y BK |k TEM | ||
| 952 | |0 0 |1 0 |2 ddc |4 0 |6 610_724000000000000_CER_2019 |7 0 |8 A |9 588070 |a BIBCUR |b BIBCUR |c GEN |d 2022-12-01 |e 3 |g 16063.20 |i 5655892 |o 610.724 CER 2019 |p 5655892 |r 2025-04-22 |t 2 |v 16063.20 |w 2022-12-01 |y BK |k TEM | ||